Copropiedad. Tratamiento fiscal

Detalles Bibliográficos
Autor principal: Přez Chavez, Još
Otros Autores: Fol Olguin, Raymundo
Formato: eBook
Lenguaje:español
Publicado: Mx̌ico DF: Tax Editores, 2011
Materias:
Acceso en línea:Acceso restringido

MARC

LEADER 00000nam a22000007a 4500
005 20120201145146.0
007 cr|||| ||||
008 120201s2011 sp |||||s|||| 00||0 spa d
020 |a 978-607-440-293-3 
035 |a 6149 
040 |a vLex 
090 |c 2974  |d 2974 
100 1 |a Přez Chavez, Još 
245 1 0 |a Copropiedad. Tratamiento fiscal  |h [Recurso electrn̤ico] /  |c Jos ̌Přez Chavez, Raymundo Fol Olguin  
256 |a Servicio en ln̕ea 
260 |a Mx̌ico DF:  |b Tax Editores,  |c 2011 
300 |a 1 recurso electrn̤ico 
506 1 |a Contenido solo disponible en los productos indicados  |d vLex Global   |d vLex Global (Academic Edition, excluding Law Schools)   |d vLex Global (U.S. Academic Edition, Law Schools)   |d vLex Global (U.S. Academic Edition, excluding Law Schools)   |d vLex Global (Academic Edition, Law Schools)  
650 0 4 |a Condominio  |z Mx̌ico 
650 0 4 |a Derecho fiscal  |z Mx̌ico 
700 1 |a Fol Olguin, Raymundo 
740 0 |a vLex Libros (Servicio en ln̕ea) 
856 4 0 |u http://vlex.com/source/copropiedad-tratamiento-fiscal-6149  |z Acceso restringido 
942 |c BOOK 
999 0 |a Condominiums 
999 0 |a Commercial law